01305nam a2200397 i 450000100060000000300080000600500170001400600190003100700150005000800410006502000180010602000280012403500220015204000310017405000220020508000080022708200140023510000160024924500960026526400470036130000530040833600310046133700330049233800430052549000140056850000230058258800830060565000150068865000240070365000190072765000240074665000320077065500270080283000150082985600630084443320FINmELB20241216222121.0m o d | cr cnu||||||||170521s2016 ag o 001 0 spa d z9789506418915 a9789506418922q(e-book) a(OCoLC)1009104038 aFINmELBbspaerdacFINmELB 4aHF5415bL685 2016 a6580 a658.82231 aLeyva, Ada.10aMarketing en esencia :bgestiona tu marca personal, profesional y empresarial /cAda Leyva. 1aBuenos Aires :bEdiciones Granica,c[2016] a1 recurso en línea (105 páginas sin numerar) atextobtxt2rdacontent/spa acomputadorabc2rdamedia/spa arecurso en líneabcr2rdacarrier/spa1 aMarketing aContiene índice. aDescripción basada en metadatos suministrados por el editor y otras fuentes. 0aMarketing. 4aComercialización. 4aMercadotecnia. 0aMarketing research. 4aInvestigación de mercado. 4aLibros electrónicos. 0aMarketing.40uhttps://elibro.net/ereader/politecnicointernacional/113878